000 00379nam a22001697a 4500
003 MPLRDC
005 20220104114400.0
008 210129b ||||| |||| 00| 0 eng d
082 _a857.623 YDH
100 _a余多幻著
245 _a鬼域正传
_c
250 _a再版
260 _a
_b香港上海书局
_c1970
300 _b
650 _a
942 _cBK
_o857.623 YDH
999 _c7048
_d7038